logo

Bir Sreshtho Munshi Abdur Rouf Library
Jhenaidah Cadet College

আলোকচিত্রে মুক্তিযুদ্ধ - উত্তর রনাঙ্গন / (Record no. 6413)

MARC details
000 -LEADER
fixed length control field 00711nam a2200205 a 4500
001 - CONTROL NUMBER
JCCL Control Number 6413
003 - CONTROL NUMBER IDENTIFIER
JCCL marc code BD-JhCC
005 - DATE AND TIME OF LATEST TRANSACTION
control field 20180125132748.0
008 - FIXED-LENGTH DATA ELEMENTS--GENERAL INFORMATION
fixed length control field 180122s2014 bg ||||| |||| 00| 0 ben d
035 ## - SYSTEM CONTROL NUMBER
system control number (BD-JhCC)6413
040 ## - CATALOGING SOURCE
Original cataloging agency BD-JhCC
Modifying agency BD-JhCC
041 ## - LANGUAGE CODE
Language code of Book eng
082 ## - DEWEY DECIMAL CLASSIFICATION NUMBER
Classification number 954.9205
Author mark and Year ALO 2014
245 ## - TITLE STATEMENT
Title আলোকচিত্রে মুক্তিযুদ্ধ - উত্তর রনাঙ্গন /
Statement of responsibility, etc বাংলাদেশ সেনাবাহিনী
260 ## - PUBLICATION, DISTRIBUTION, ETC. (IMPRINT)
Place of publication, distribution, etc রংপুর :
Name of publisher, distributor, etc সদর দপ্তর 66 পদাতিক ডিভিশন,
Date of publication, distribution, etc 2014.
300 ## - PHYSICAL DESCRIPTION
Pagination 238 p. :
Other physical details ills;
Dimensions 25 cm.
650 ## - SUBJECT ADDED ENTRY--TOPICAL TERM
Topical term or geographic name as entry element Revolution
Chronological subdivision 1971
Geographic subdivision Bangladesh
942 ## - ADDED ENTRY ELEMENTS (KOHA)
Source of classification or shelving scheme Dewey Decimal Classification
Koha item type Books
Holdings
Source of classification or shelving scheme Damaged status Not for loan Home library Current library Shelving location Total Checkouts Full call number Barcode Date last seen Copy number Koha item type
Dewey Decimal Classification     JCC Rouf Library JCC Rouf Library General Stacks   954.9205 ALO 2014 194 01/22/2018 C - 1 Books
Dewey Decimal Classification     JCC Rouf Library JCC Rouf Library General Stacks   954.9205 ALO 2014 192 01/22/2018 C - 2 Books
Dewey Decimal Classification     JCC Rouf Library JCC Rouf Library General Stacks   954.9205 ALO 2014 191 01/22/2018 C - 3 Books
Dewey Decimal Classification     JCC Rouf Library JCC Rouf Library General Stacks   954.9205 ALO 2014 193 01/22/2018 C - 4 Books

JCC Library | Contacts | JCC Home

Last Update on 23 September 2017
Copyright @ 2017-2020 JCC Rouf Library
Rouf Library, Jhenidah Cadet College (JCC), Bangladesh